000 00469 a2200169 4500
999 _c8160
_d8160
020 _a9780582003668
050 _aP 118.4 HAW 1986
100 _aHawkeys, C N
_eauthor
245 _aStep in primary english:
_bgrade 2 Book 2 /
_cCN Hawkes, S Moyo & J Yon
264 _aHarare:
_bLongman
_c1991
300 _a72p.:
_bill. (col.)
500 _aText
650 _aEnglish language
700 _aMoyo, S
_eauthor
700 _aYon, J
_eauthor
942 _2lcc
_cBK
_h118.4
_iHAW
_kP